Hospital law newsletter

Bibliographic Details
Corporate Author: Aspen Systems Corporation
Format: Electronic Journal
Language:English
Published: [Rockville, Md.] : [Aspen Systems Corp.], [©1983]-
Subjects:
Online Access:Full text available from Research Library: 06/01/1998 to 12/31/2005

MARC

LEADER 00000nas a2200000 a 4500
001 ssj0015432
003 WaSeSS
005 20200512172242.0
006 m d
007 cr n
008 830516d19832005mdumr p s gw 0 a0eng c
010 |a  85644649   |z sn 83009509  
016 7 |a 8911901  |2 DNLM 
016 7 |a SR0064875  |2 DNLM 
022 |l 0738-0984  |y 0738-0984 
032 |a 770250  |b USPS 
035 |a (WaSeSS)ssj0015432 
037 |b Aspen Systems Corp., 7201 McKinney Circle, Frederick, MD 21701 
040 |a NSD  |b eng  |c NSD  |d DLC  |d NSD  |d NLM  |d EBZ  |d NSD  |d NLM  |d OCLCQ  |d EBZ  |d NLM  |d OCLCQ  |d OCLCF  |d OCLCO  |d EUW  |d OCLCO  |d OCLCQ  |d WaSeSS 
042 |a nsdp  |a pcc 
043 |a n-us--- 
050 0 0 |a KF3825.A15  |b H67 
060 0 0 |a W1  |b HO812IF 
082 0 |a 344.73/03211/05  |a 347.304321105  |2 19 
210 0 |a Hosp. law newsl. 
222 0 |a Hospital law newsletter 
245 0 0 |a Hospital law newsletter  |h [electronic resource]. 
260 |a [Rockville, Md.] :  |b [Aspen Systems Corp.],  |c [©1983]- 
310 |a Monthly 
362 0 |a Vol. 1, no. 1 (July 1983)-v.23, no. 2 (Dec. 2005). 
500 |a Title from caption. 
500 |a "An Aspen publication." 
506 |a License restrictions may limit access. 
650 0 |a Hospitals  |x Law and legislation  |z United States  |v Periodicals. 
650 2 |a Hospitals. 
650 2 |a Jurisprudence. 
650 2 |a Legislation, Hospital. 
650 7 |a Hospitals  |x Law and legislation.  |2 fast  |0 (OCoLC)fst00961374 
651 2 |a United States. 
651 7 |a United States.  |2 fast  |0 (OCoLC)fst01204155 
655 0 |a Electronic journals. 
710 2 |a Aspen Systems Corporation. 
850 |a DLC  |a DNLM 
856 4 0 |z Full text available from Research Library: 06/01/1998 to 12/31/2005  |u https://search.proquest.com/publication/31339